000 00501nam a2200157Ia 4500
008 151021s9999 xx 000 0 und d
020 _a9.7801360264e+013
050 _aPE 143.I.M49 2008
245 _a_Discovering Arguments An introduction to critical thinking and writing with readings[ 3rd ed.]
260 _aNew Jersey Pearson 2008
300 _axxxi,632p.
500 _aIncludes index
500 _aIncludes index
650 _a_critical thinking
980 _a^d20130528 11:56:25^oanne
999 _c13816
_d13816